02084nab a22002777a 4500999001500000003000400015005001700019008004100036040000700077100003400084245018100118260007300299300001500372500007100387505079900458505011701257505008901374650003501463650003201498650003101530650002801561650003801589650002801627773013801655942001301793 c5667d5667OSt20251226215225.0190603e xxum|||| |||| 00| 0 spa d cPJ 96387aLeiva, Claudio Fabricio13aLa responsabilidad por daños causados por animales: otra vez sobre la "categoría" del daño estético y la búsqueda de la reparación plena /cClaudio Fabricio Leiva.  cCiudad Autónoma de Buenos Aires :aThomson Reuters La Ley, b2025. ap. 228-239 aCita: TR LALEY AR/DOC/1057/2025 Publicado en: RCCyC 2025 (junio). aSumario: I. Objetivos del presente comentario.— II. Plataforma fáctica del caso: hechos invocados en la demanda y en la contestación. Los hechos controvertidos de acuerdo con las posiciones asumidas por las partes.— III. La sentencia de primera instancia y los agravios vertidos por las partes en sus respectivos recursos de apelación. La decisión de la Cámara y sus argumentos centrales.— IV. Algunos aspectos relevantes de la responsabilidad por daños causados por animales en el régimen del Cód. Civ. y Com.— V. El daño resarcible y la clasificación de los daños.— VI. La consecuencia dañosa como objeto de reparación: categorías de daños. El daño estético: carácter patrimonial o no patrimonial de la consecuencia lesiva.— VII. Conclusiones.  aFallo comentado: CNCiv., sala D ~ 18/09/2024 ~ Demiddi, Rocío c. Argento, Sergio Hugo s/ daños y perjuicios. t¿Te interesa el texto completo? Solicitalo al correo: koha@justierradelfuego.gov.ar 091497aCODIGO CIVIL Y COMERCIAL 091467aRESPONSABILIDAD CIVIL 092823aDAÑOS Y PERJUICIOS 093332aDAÑO RESARCIBLE 093452aDAÑO CAUSADO POR ANIMALES 093565aDAÑO ESTÉTICO0 0271393170dCiudad Autónoma de Buenos Aires : Thomson Reuters La Ley, 2015-tRevista Código Civil y Comercial. Nº 3 - Junio 2025 2udccANA